Normal view MARC view
  • México

Entry Nombre Geográfico

Number of records used in: 3

001 - NÚMERO DE CONTROL

  • campo de control: 23069

003 - IDENTIFICADOR DE NUMERO DE CONTROL

  • campo de control: UPN

005 - FECHA Y HORA DE LA ÜLTIMA TRANSACCIÓN

  • campo de control: 20240206122902.0

008 - DATOS DE LONGITUD FIJA

  • campo de control de longitud fija: 240206n||acnnnaabn | ana |d

035 ## - NÚMERO DE CONTROL

  • Número de control: UPN10000023078

040 ## - FUENTE DE CATALOGACIÓN

  • Lenguaje de catalogación: SPA
  • Agencia de transcripción: UPN
  • Agencia de catalogación original: MX-MxUPN

151 ## - ENCABEZAMIENTO - NOMBRE GEOGRÁFICO

  • Nombre geográfico: México
  • Subdivisión general : Emigración e inmigración
  • Subdivisión de forma: Congresos

670 ## - FUENTE EN LA QUE SE LOCALIZARON DATOS

  • Cita de la fuente: LC
  • Información localizada: Mexico - Emigration and immigration - Congress

902 ## - CATALOGADOR

  • Catalogador: MITM/010714